000 01026nam a22002417a 4500
003 OSt
005 20251017171950.0
008 240201b ||||| |||| 00| 0 eng d
040 _c0
082 _aDPer 621.317 Ie21 January 2022 v. 37 n. 1
100 _aDey, Saikat.
_eauthor.
_951120
245 _aA mathematical design approach to volumetric optimization of EMI filter and modeling of CM noise sources in a three-phase PFC /
_cSaikat Dey, Ayan Mallik, and Santanu Mishra.
260 _aNew York ;
_bThe Institute of Electrical and Electronics Engineers, Inc. ,
_cJanuary 2022.
300 _aVolume 37, pages 462-472 :
_billustration ;
_c28 cm.
500 _aIEEE Transactions on Power Electronics, v. 37 n. 1, pages 462-472, January 2022.
650 0 _aCapacitance.
_965804
650 0 _aDC-AC power converters.
_965793
650 0 _aResonant frequency.
_965802
700 _aDey, Saikat.
_eauthor.
_951120
700 _aMallik, Ayan.
_eauthor.
_951121
700 _aMishra, Santanu.
_eauthor.
_951122
942 _2ddc
_cPER
999 _c18858
_d18858